New look at the Middle East : a series of addresses presented at the eleventh annual conference on Middle Eastern affairs, sponsored by the Middle East Institute, April 11-13, 1957 /

محفوظ في:

مؤلف مشترك: Conference on Middle Eastern Affairs.

مؤلفون آخرون: Sands, William.

التنسيق: كتاب

اللغة: English

منشور في: Washington : [Middle East Institute], [1957].

الموضوعات:

الوسوم: إضافة وسم

لا توجد وسوم, كن أول من يضع وسما على هذه التسجيلة!

رقم الطلب: DS63 .M62 1957

LEADER 00865nam a2200241I 4500
001 7315
003 OSt
005 20260128084318.0
008 130303s1957 dcu 100 0 eng d
010 |a 57004748 
035 |a ocm02529270 
040 |c ARCE Library 
043 |a aw----- 
050 4 |a DS63 .M62 1957 
110 2 |a Conference on Middle Eastern Affairs.  |n 11th,  |c Washington, D.C., 1957, 
245 1 0 |a New look at the Middle East :  |b a series of addresses presented at the eleventh annual conference on Middle Eastern affairs, sponsored by the Middle East Institute, April 11-13, 1957 /  |c edited by William Sands. 
264 1 |a Washington :  |b [Middle East Institute],  |c [1957]. 
300 |a 84 pages ;  |c 23 cm. 
651 0 |a Middle East   |x Politics and government   |v Congresses. 
700 1 |a Sands, William. 
901 |a reviewed 
942 |c BK  |2 lcc 
999 |c 4593  |d 4593